[Event "Sao Paulo Communic 7th"]
[Site "Sao Paulo"]
[Date "2004.??.??"]
[Round "?"]
[White "Sega, Carlos Alberto"]
[Black "Delgado Ramirez, Neuris"]
[Result "0-1"]
[WhiteElo "2323"]
[BlackElo "2535"]
[PlyCount "76"]
[EventDate "2004.06.17"]
[EventType "tourn"]
[EventRounds "9"]
[EventCountry "BRA"]
[EventCategory "4"]
[SourceTitle "EXT 2007"]
[Source "ChessBase"]
[SourceDate "2006.11.23"]
[SourceVersion "1"]
[SourceVersionDate "2006.11.23"]
[SourceQuality "1"]

1. c4 e5 2. Nc3 Nf6 3. Nf3 Nc6 4. g3 Nd4 5. Bg2 Nxf3+ 6. Bxf3 Bb4 7. Nd5 Bc5 8.
b4 Bd4 9. Rb1 Nxd5 10. cxd5 d6 11. e3 Bb6 12. Bg2 a5 13. a3 axb4 14. axb4 Bd7
15. Bb2 O-O 16. O-O Bb5 17. d3 Qd7 18. Qd2 Qf5 19. Rfd1 Ra2 20. Ra1 Rfa8 21.
Be4 Qc8 22. Qc3 Qg4 23. Re1 f5 24. Bg2 Rxa1 25. Bxa1 Ra4 26. d4 e4 27. Qb3 Qe2
28. Bc3 Qc4 29. Qxc4 Bxc4 30. Ra1 Rxa1+ 31. Bxa1 Bxd5 32. Bh3 g6 33. Bf1 Kf7
34. Bc3 Ke6 35. h4 h5 36. Be2 Bb3 37. Kg2 Kd5 38. Kg1 Bc2 0-1

[Event "Sao Paulo Communic 7th"]
[Site "Sao Paulo"]
[Date "2004.06.27"]
[Round "5"]
[White "Marrero Lopez, Yaniet"]
[Black "Delgado Ramirez, Neuris"]
[Result "1/2-1/2"]
[WhiteElo "2227"]
[BlackElo "2557"]
[PlyCount "24"]
[EventDate "2004.06.17"]
[EventType "tourn"]
[EventRounds "9"]
[EventCountry "BRA"]
[EventCategory "4"]
[SourceTitle "EXT 2007"]
[Source "ChessBase"]
[SourceDate "2006.11.23"]
[SourceVersion "1"]
[SourceVersionDate "2006.11.23"]
[SourceQuality "1"]

1. e4 e5 2. Nf3 Nf6 3. Nc3 Bb4 4. Nxe5 O-O 5. Nd3 Bxc3 6. dxc3 Nxe4 7. Be2 d5
8. Nf4 c6 9. O-O Nd7 10. Be3 Ndf6 11. Nh5 Nxh5 12. Bxh5 Bf5 1/2-1/2

[Event "Franca Garcia Memorial 20th"]
[Site "Osasco"]
[Date "2004.07.01"]
[Round "1"]
[White "Delgado Ramirez, Neuris"]
[Black "Zambrana, Oswaldo"]
[Result "1-0"]
[WhiteElo "2557"]
[BlackElo "2472"]
[Annotator "Postny,E"]
[PlyCount "73"]
[EventDate "2004.07.01"]
[EventType "tourn"]
[EventRounds "9"]
[EventCountry "BRA"]
[EventCategory "9"]
[SourceTitle "CBM 103"]
[Source "ChessBase"]
[SourceDate "2004.11.11"]
[SourceVersion "1"]
[SourceVersionDate "2004.11.11"]
[SourceQuality "1"]

1. e4 c5 2. Nf3 Nc6 3. Bb5 g6 4. Bxc6 dxc6 5. d3 Bg7 6. h3 e5 ({Another main
line is} 6... Nf6) 7. Be3 (7. a3 Qe7 8. Nbd2 Nf6 9. b4 {--> 1/2-1/2 Grischuk,
A-Radjabov,T/Bastia 2003/CBM 98 [Erenburg] (22)}) 7... Qe7 (7... b6 8. Qd2 h6 {
--> 0-1 Joachim,S-Hertneck,G/Germany 2004/CBM 100 [Oratovsky] (36)}) 8. Qd2 (8.
O-O Nf6 9. Qc1 {--> 1-0 Manik,M-Sprenger,J/Leipzig 2002 [Postny,E] (28)}) (8.
Nbd2 Nf6 9. Nc4 Nd7 10. O-O O-O 11. Qd2 Rd8 12. a3 b6 13. b4 {--> 1-0 Sutovsky,
E-Chandler,M/Hastings 2000/CBM 75 [Oratovsky] (42)}) 8... h6 {Preventing the
manoeuvre Be3-h6 in future, though it's also possible to ignore it.} ({
Possible alternative for black is} 8... Nf6 9. Bh6 O-O) 9. O-O {White still
does not want to define the position of his queenside knight.} (9. a3 Nf6 10.
Qc3 Nd7 11. b4 b6 12. Nbd2 f5 13. Nb3 $14 {1-0 Vydeslaver,A-Kaplivatski,A/
Israel 2003/EXT 2004 (43)}) 9... Nf6 10. a3 {[%cal Gb2b4]} a5 11. Nc3 Nd7 12.
Nh2 b6 (12... a4 13. f4 exf4 14. Bxf4 Ne5 15. Nf3 Nxf3+ 16. Rxf3 g5 17. Be3 O-O
18. Raf1 b6 $11 {0-1 Lerner,K-Tseitlin,M/Tel Aviv 2002/CBM 93 (54)}) 13. f4
exf4 14. Bxf4 g5 $6 {[%csl Rf5,Rh5] This move seriously weakens the light
squares on the kingside.} (14... Nf8 15. Nf3 Ne6 16. Be5 f6 17. Bf4 g5 18. Bh2
O-O 19. Rae1 Ra7 20. Nd1 Qd8 21. Ne3 $16 {[%csl Gf5,Rg7] 1-0 Rowson,J-Garcia,G/
Philadelphia 2002/CBM 89 ext (39)}) (14... Ne5 {seems to me as a better
alternative.}) 15. Be3 $146 (15. Bg3 Ne5 16. Nf3 Nxf3+ 17. Rxf3 g4 18. hxg4
Bxg4 19. Rf4 Bd4+ 20. Bf2 Rg8 21. Bxd4 cxd4 22. Ne2 O-O-O $13 {1-0 Garcia,
G-Zapata,A/Cali 2003/CBM 95 ext (50)}) 15... Ne5 16. Ne2 Qc7 {Eyeing the g3
square.} 17. Qe1 (17. Ng3 $2 Nc4 $1 18. dxc4 Qxg3 $15) 17... Be6 18. Rb1 {
Preparing b2-b4.} Ng6 $6 ({More logical would have been} 18... a4 {preventing
the b2-b4 strike.}) 19. b4 cxb4 20. axb4 a4 {Black gets a passed pawn, but in
the middlegame it has little significance.} 21. Bd4 Bxd4+ $6 {The exchange of
the key defender is very risky for black.} ({Much safer was} 21... Ne5) 22.
Nxd4 Nf4 23. Qe3 $6 {Not the best place for the queen.} (23. Qc3 {seems much
more to the point.}) 23... a3 {Black's passed pawn is quite strong. On the
other hand, it's very hard to play such position with black, since his king is
in danger.} 24. Nxe6 fxe6 25. g3 {Driving away black's knight from it's active
position.} a2 26. Ra1 Nh5 {[%csl Rg3]} 27. Kg2 $6 {This is too slow.} ({
Stronger would have been} 27. e5 $1 $36 {[%cal Gh2g4,Gg4f6,Ge3e4]}) 27... Rf8
28. Rxf8+ Kxf8 29. Ng4 Kg7 $2 {Allowing white to activize his queen.} (29... c5
$1 30. b5 ({Does not work:} 30. Nxh6 $2 cxb4 31. Rf1+ (31. Qxg5 $2 Qxc2+ $19)
31... Ke8 32. Qxg5 Qxg3+ $1 33. Qxg3 Nxg3 $19 {[%csl Ga2]}) 30... Kg7 {and
it's not easy yet to exploit the weakness of black's king.}) 30. Qd4+ Kh7 31.
e5 Qe7 $2 {Probably time-trouble mistake, though black's position is bad
anyway.} (31... b5 $1 32. Qd6 $1 (32. Nf6+ Nxf6 33. exf6 Kg6 34. Rf1 a1=Q 35.
Qe4+ Kh5 36. Rxa1 Rxa1 37. Qxe6 {[%cal Ge6e8]} Kg6 (37... Rg1+ 38. Kxg1 Qxg3+
39. Kf1 $16) 38. f7+ Kg7 39. f8=Q+ Kxf8 40. Qf6+ Qf7 41. Qxa1 $16) 32... Qxd6
33. exd6 {Most likely, that white's Pd6 will be exchanged for the Pa2 and
white will keep a big advantage thanks to a better pawn structure and more
active pieces.}) 32. Qe4+ Kg7 33. Qxc6 {Almost all black's pawns are an easy
prey now for white.} Qd8 34. Qxe6 Qd4 35. Qxh6+ Kg8 36. Qxg5+ Ng7 37. Nh6+ (37.
Nh6+ Kh7 38. Qxg7+ Kxg7 39. Nf5+ $18 {[%csl Rd4,Rg7]}) 1-0

[Event "Franca Garcia Memorial 20th"]
[Site "Osasco"]
[Date "2004.07.02"]
[Round "2"]
[White "Rodriguez Vila, Andres"]
[Black "Delgado Ramirez, Neuris"]
[Result "0-1"]
[WhiteElo "2556"]
[BlackElo "2557"]
[PlyCount "110"]
[EventDate "2004.07.01"]
[EventType "tourn"]
[EventRounds "9"]
[EventCountry "BRA"]
[EventCategory "9"]
[SourceTitle "CBM 103"]
[Source "ChessBase"]
[SourceDate "2004.11.11"]
[SourceVersion "1"]
[SourceVersionDate "2004.11.11"]
[SourceQuality "1"]

1. e4 c5 2. Nf3 d6 3. d4 cxd4 4. Nxd4 Nf6 5. f3 e5 6. Bb5+ Nbd7 7. Nf5 d5 8.
exd5 a6 9. Ba4 b5 10. Bb3 Nc5 11. Ne3 Nxb3 12. axb3 Bc5 13. c4 Nh5 14. Kf1 O-O
15. Nc3 f5 16. b4 Bxb4 17. cxb5 a5 18. Nc2 Bd6 19. Be3 Bb7 20. Qd2 Qh4 21. Kg1
Nf4 22. Rd1 Rac8 23. Qe1 Qg5 24. Rd2 Rc4 25. Kf1 Qh5 26. Bb6 a4 27. Ne3 Rcc8
28. Nxa4 e4 29. Qd1 Qe8 30. Bd4 Qxb5+ 31. Kg1 exf3 32. gxf3 Qe8 33. Kf2 Nh3+
34. Kg2 Qh5 35. Rf1 Ba6 36. Kh1 Bxf1 37. Qxf1 Ng5 38. Rg2 Qxf3 39. Nb6 Rc7 40.
Qxf3 Nxf3 41. Bc3 Ra7 42. Rf2 Nh4 43. Rf1 Bc5 44. Nec4 Rb8 45. d6 Bxb6 46. Nxb6
Rxb6 47. Bd4 Rab7 48. Bxb6 Rxb6 49. Rd1 Rb8 50. b4 Kf7 51. b5 Ke8 52. Rd4 g5
53. d7+ Kd8 54. Rd5 Rb7 55. b6 Rxb6 0-1

[Event "Franca Garcia Memorial 20th"]
[Site "Osasco"]
[Date "2004.07.03"]
[Round "3"]
[White "Delgado Ramirez, Neuris"]
[Black "Matsuura, Everaldo"]
[Result "1-0"]
[WhiteElo "2557"]
[BlackElo "2473"]
[Annotator "Wedberg,T"]
[PlyCount "97"]
[EventDate "2004.07.01"]
[EventType "tourn"]
[EventRounds "9"]
[EventCountry "BRA"]
[EventCategory "9"]
[SourceTitle "CBM 103"]
[Source "ChessBase"]
[SourceDate "2004.11.11"]
[SourceVersion "1"]
[SourceVersionDate "2004.11.11"]
[SourceQuality "1"]

1. e4 e5 2. Nf3 Nc6 3. Bb5 a6 4. Ba4 Nf6 5. O-O Be7 6. Bxc6 dxc6 {When Black
has a choice in the Ruy Lopez (before d6 is played) he will almost exclusively
take with the d-P on c6. It violates the rule of taking towards the centre,
but has proven to be the right exchange in most cases. It keeps the Q-side P:s
together and opens up lines and diagonals in the centre.} 7. d3 Nd7 8. Nbd2 O-O
9. Nc4 f6 10. Be3 {Unusual, but playable all the same.} (10. Nh4 {is the main
line.}) 10... Nc5 11. b4 $5 {Contrary to the plans of the main line, where
White aims his play against the K-side, he initiates a campaign on the Q-side.}
Ne6 (11... Na4 {might be the critical move} 12. Qd2 (12. a3 b6 13. d4 Be6 14.
Qd3 Qe8 $11 {1/2-1/2 Stoica,V-Dydyshko,V/Polanica Zdroj 1983/MCD (18)}) 12...
c5 13. a3 b6 14. c3 Be6 15. Qc2 Qd7 16. Ncd2 Bf7 17. Rfc1 Rfd8 $11 {1/2-1/2
Ulibin,M-Timoshenko,G/Tbilisi 1989/CBM 12 (27)}) 12. c3 c5 13. a3 $146 {
[%mdl 8] There is a logic to keeping the position as closed as possible.} (13.
bxc5 Nxc5 14. Bxc5 Bxc5 15. d4 exd4 16. cxd4 Ba7 17. Qb3 Kh8 18. Rad1 Qe8 19.
Rfe1 Qb5 20. Qc2 Bg4 $11 {1/2-1/2 Kuzmin,G-Eingorn,V/Tashkent 1980/MCL (55)})
13... Kh8 14. Qc2 cxb4 (14... b6 $5) 15. axb4 {After the exchange on b4
White's position looks more attractive.} Qe8 16. Rfb1 b5 17. Ncd2 c5 18. Qb3
Qd7 19. Qd5 Qxd5 20. exd5 Nc7 (20... cxb4 $5 21. dxe6 bxc3 22. Ne4 Bxe6 23.
Nxc3 Rfc8 24. Ne4 b4 $44 {A bold suggestion by Fritz.}) 21. Bxc5 Bxc5 22. bxc5
Nxd5 23. Rxb5 Nxc3 24. Rb3 Nd5 25. d4 $14 {White is better due to his activity
and far advanced c-P.} exd4 26. Nxd4 Ra7 27. h3 Kg8 28. Nc4 Rc7 29. Ra5 Ne7 30.
Rb6 Nf5 31. Nc6 h5 32. Nd6 $16 h4 33. Ra4 Bd7 (33... g5) 34. Raxa6 Bxc6 35.
Rxc6 Rxc6 36. Rxc6 Nd4 37. Ra6 Rb8 38. Ra4 Rb1+ 39. Kh2 Rd1 40. Rc4 $18 Ne6 41.
Nf5 g5 42. c6 Nc7 43. Rb4 Rc1 44. Rb7 Nd5 (44... Rxc6 $4 45. Ne7+) 45. Rd7 Nb6
46. Nd4 Kf8 47. Rb7 Nd5 48. c7 Ke8 49. Rb8+ 1-0

[Event "Franca Garcia Memorial 20th"]
[Site "Osasco"]
[Date "2004.07.03"]
[Round "4"]
[White "Delgado Ramirez, Neuris"]
[Black "Perelshteyn, Eugene"]
[Result "1/2-1/2"]
[WhiteElo "2557"]
[BlackElo "2500"]
[PlyCount "72"]
[EventDate "2004.07.01"]
[EventType "tourn"]
[EventRounds "9"]
[EventCountry "BRA"]
[EventCategory "9"]
[SourceTitle "CBM 103"]
[Source "ChessBase"]
[SourceDate "2004.11.11"]
[SourceVersion "1"]
[SourceVersionDate "2004.11.11"]
[SourceQuality "1"]

1. e4 c5 2. Nf3 g6 3. c3 Bg7 4. d4 cxd4 5. cxd4 d5 6. e5 Bg4 7. Qb3 Qd7 8. Nc3
Bxf3 9. gxf3 e6 10. Na4 Bf8 11. Bb5 Nc6 12. O-O Be7 13. Be3 Kf8 14. Rac1 Kg7
15. Rc3 Nh6 16. Bxh6+ Kxh6 17. Bxc6 bxc6 18. Nc5 Bxc5 19. Rxc5 Kg7 20. Qc3 Rhc8
21. Rc1 Rab8 22. b4 a6 23. a4 Rd8 24. Rxc6 Qb7 25. Qe3 Qxb4 26. Rxe6 Rdc8 27.
Rf6 Qxa4 28. Rxc8 Rxc8 29. Qf4 Qa1+ 30. Kg2 Rc1 31. Rxf7+ Kg8 32. Rf8+ Kg7 33.
Kh3 Rg1 34. Rf7+ Kg8 35. Rf8+ Kg7 36. Rf7+ Kg8 1/2-1/2

[Event "Franca Garcia Memorial 20th"]
[Site "Osasco"]
[Date "2004.07.04"]
[Round "5"]
[White "Lima, Darcy Gustavo Macha"]
[Black "Delgado Ramirez, Neuris"]
[Result "0-1"]
[WhiteElo "2542"]
[BlackElo "2557"]
[Annotator "Postny,E"]
[PlyCount "66"]
[EventDate "2004.07.01"]
[EventType "tourn"]
[EventRounds "9"]
[EventCountry "BRA"]
[EventCategory "9"]
[SourceTitle "CBM 103"]
[Source "ChessBase"]
[SourceDate "2004.11.11"]
[SourceVersion "1"]
[SourceVersionDate "2004.11.11"]
[SourceQuality "1"]

1. d4 Nf6 2. Bg5 c5 3. d5 Ne4 ({Another common theoretical line is} 3... Qb6 4.
Nc3 Qxb2 5. Bd2 Qb6 6. e4 $44) 4. Bf4 Qb6 {[%csl Rb2]} 5. Bc1 {White retreats
to the initial square with the only developed piece, but he has all the
reasons to hope to build up a strong pawns centre and keep the space advantage.
} (5. Qc1 e6 6. f3 Nf6 7. dxe6 fxe6 8. e4 d5 9. Nc3 Be7 10. Bxb8 Rxb8 11. Bb5+
Bd7 12. Bxd7+ Nxd7 13. exd5 exd5 14. Nge2 Nf6 $15 {1/2-1/2 Thorfinnsson,
B-Stefansson,H/Hafnarborg 2003/EXT 2004 (40)}) ({An interesting pawn sacrifice
is:} 5. Nd2 $5 Qxb2 6. Nxe4 Qb4+ 7. Qd2 Qxe4 8. e3 Qb4 9. c3 Qa5 10. d6 $44 {
1/2-1/2 Winants,L-Schebler,G/Belgium 2002/EXT 2004 (60)}) 5... e5 {A rare
continuation which gained some popularity recently.} (5... g6 6. f3 Nd6 (6...
Nf6 7. e4 d6 8. c4 Bg7 9. Nc3 O-O 10. Bd3 e6 {--> 1/2-1/2 Radjabov,T-Grischuk,
A/Bastia 2003/CBM 98 [Finkel] (40)}) 7. e4 Bg7 8. Nc3 f5 9. exf5 Nxf5 10. Bd3
O-O 11. Bxf5 Rxf5 12. Nge2 c4 {--> 1/2-1/2 Adams,M-Gelfand,B/Cap d'Agde 2003/
CBM 98 [Finkel] (40)}) (5... e6 6. f3 Qa5+ (6... Nf6 7. c4 exd5 8. cxd5 c4 9.
e3 Bc5 10. Kf2 O-O 11. Bxc4 {--> 1-0 Dishman,S-Greenfeld,A/Chalkidiki 2002/CBM
92 [Finkel] (33)}) 7. c3 Nf6 8. e4 d6 9. Na3 exd5 10. exd5 Be7 11. Nc4 Qd8 12.
Ne3 O-O $11 {0-1 Van der Wiel,J-Kasparov,G/Moscow 1982/IZT (22)}) 6. f3 Nf6 {
The other retreat 6...Nd6 seems to me more to the point, as it will be easier
for black to create a counterplay by advancing f7-f5.} (6... Nd6 7. e4 f5 (7...
g6 8. Nc3 Qd8 9. Be3 b6 10. Qd2 Bg7 11. Nh3 O-O 12. Nf2 f5 {--> 1-0 Golod,
V-Tyomkin,D/Beer Sheva 2004/CBM 101 [Tyomkin] (31)}) 8. c4 fxe4 9. fxe4 Nf7 10.
Nc3 Be7 11. Nf3 Qg6 12. Be3 d6 {--> 1/2-1/2 Karttunen,M-Movsesian,S/Rethymnon
2003/CBM 98 [Finkel] (51)}) 7. e4 d6 8. Na3 {The knight is heading to an ideal
square c4.} (8. a4 Be7 9. Nc3 (9. Na3 $142 {[%csl Gc4][%cal Ya3c4]}) 9... O-O
10. g3 Nbd7 11. Bh3 Ne8 12. Qd3 Qd8 13. Be3 Bg5 $11 {1/2-1/2 Van der Wiel,
J-Nunn,J/Leiden 1982/EXT 2002 (19)}) 8... Be7 ({Preferable is the immediate} 
8... Qd8 $1 {with the idea to meet Na3-c4 with b7-b5.}) 9. Nc4 Qd8 10. a4 $14
O-O 11. Bd3 Ne8 12. Ne2 Bg5 13. O-O $146 (13. f4 exf4 14. Nxf4 Nd7 15. O-O Ne5
16. Be2 Nxc4 17. Bxc4 Qe7 18. Qe2 h6 19. Nd3 Bxc1 20. Raxc1 Nf6 21. e5 dxe5 22.
Qxe5 Qxe5 23. Nxe5 $16 {1-0 Stefanova,A-Manca,F/Saint Vincent 2000/CBM 74 ext 
(41)}) 13... Bxc1 14. Qxc1 b6 15. f4 Ba6 16. f5 (16. fxe5 $2 {would have been
a big strategical mistake, due to} Bxc4 17. Bxc4 dxe5 {[%csl Gd6][%cal Ge8d6]})
16... Bxc4 17. Bxc4 Nd7 $6 ({Stronger would have been} 17... a6) 18. Bb5 $1 {
Now white is getting rid of his bad bishop.} a6 19. Bxd7 Qxd7 20. g4 f6 21. Ra3
{The rook can be transfered to the kingside via the third rank.} b5 $6 {
I would not recommend this move, but it worked well in the game...} (21... Ra7
$5 {[%cal Yd7a7,Gb6b5]}) 22. a5 $2 {Closing the queenside white certainly
hoped to succeed on the other side of the board, but clearly overestimated his
attacking chances.} ({In my opinion after the simple} 22. axb5 Qxb5 23. c4 {
white keeps big positional advantage thanks to great space and possibility to
play on both flanks.}) 22... c4 23. Rg3 $6 ({Better was} 23. Qe1 {preventing
the b5-b4 advance.}) 23... b4 {Black finally got space on the queenside and
the Pa5 is an easy prey for him. On the other hand, white's attacking chances
on the kingside are very murky.} 24. Kh1 (24. g5 fxg5 25. Qxg5 Nf6 {[%csl Re4]
and white has to retreat due to e4 weakness.}) 24... Qb5 25. Ng1 {Trying to
transfer the knight to a better pastures, but it's too late already.} c3 $5 ({
There was nothing wrong with} 25... Qxa5) 26. b3 (26. bxc3 Qxa5 27. Qe1 {
was objectively stronger, but white does not want to admit that his plan was
wrong.}) 26... Qxa5 27. g5 fxg5 28. Nf3 (28. Qxg5 Ra7 $17 {[%csl Re4][%cal
Ge8f6]}) 28... g4 $1 29. Rxg4 (29. Ng5 Nf6 {is also bad for white.}) 29... Nf6
{Black wisely kept the knight on e8 for a long time, and now it joines the
battle with great force.} 30. Rh4 {[%tqu "En","What would you suggest for
black?","","","f6e4","An excellent sacrifice, which can not be calculated till
the end, but white will be clearly on the defensive, which is especially
difficult for him after the seemingly good attacking position.",15]} Nxe4 $3 {
[%mdl 512] An excellent sacrifice, which can not be calculated till the end,
but white will be clearly on the defensive, which is especially difficult for
him after the seemingly good attacking position.} 31. Rg1 $2 {Losing without a
fight. The only chance was to accept the sacrifice, though white's position is
far from it's best times...} (31. Rxe4 Qxd5 32. Rxb4 (32. Rg4 Rxf5 33. Qh6 Ra7
$19 {[%csl Rf3][%cal Ga7f7]}) 32... Rxf5 33. Qe3 Raf8 34. Kg2 Qe6 35. h3 d5 {
Black has three pawns for the piece and strong initiative. It does not seems
that white can survive here.}) 31... Nf6 32. Rd1 (32. Qh6 Ra7 $19 (32... Rf7
$19)) 32... Qc5 33. Kg2 Nxd5 0-1

[Event "Franca Garcia Memorial 20th"]
[Site "Osasco"]
[Date "2004.07.05"]
[Round "6"]
[White "Delgado Ramirez, Neuris"]
[Black "Madeira, Wagner Martins"]
[Result "1/2-1/2"]
[WhiteElo "2557"]
[BlackElo "2263"]
[PlyCount "30"]
[EventDate "2004.07.01"]
[EventType "tourn"]
[EventRounds "9"]
[EventCountry "BRA"]
[EventCategory "9"]
[SourceTitle "CBM 103"]
[Source "ChessBase"]
[SourceDate "2004.11.11"]
[SourceVersion "1"]
[SourceVersionDate "2004.11.11"]
[SourceQuality "1"]

1. e4 Nf6 2. Nc3 d5 3. exd5 Nxd5 4. Bc4 Nxc3 5. Qf3 e6 6. Qxc3 Nd7 7. Nf3 Nf6
8. d4 Be7 9. O-O O-O 10. Ne5 Nd7 11. Bf4 Nxe5 12. dxe5 Bd7 13. Rad1 Qe8 14. Qg3
Kh8 15. Bd3 Bb5 1/2-1/2

[Event "Franca Garcia Memorial 20th"]
[Site "Osasco"]
[Date "2004.07.06"]
[Round "7"]
[White "Needleman, Alejandro"]
[Black "Delgado Ramirez, Neuris"]
[Result "1/2-1/2"]
[WhiteElo "2420"]
[BlackElo "2557"]
[PlyCount "26"]
[EventDate "2004.07.01"]
[EventType "tourn"]
[EventRounds "9"]
[EventCountry "BRA"]
[EventCategory "9"]
[SourceTitle "CBM 103"]
[Source "ChessBase"]
[SourceDate "2004.11.11"]
[SourceVersion "1"]
[SourceVersionDate "2004.11.11"]
[SourceQuality "1"]

1. e4 c5 2. Nf3 d6 3. Bc4 Nf6 4. Qe2 Nc6 5. c3 a6 6. Bb3 Bg4 7. d3 e6 8. Nbd2
Be7 9. O-O b5 10. h3 Bh5 11. Re1 d5 12. Nf1 O-O 13. Ng3 Bxf3 1/2-1/2

[Event "Franca Garcia Memorial 20th"]
[Site "Osasco"]
[Date "2004.07.07"]
[Round "8"]
[White "Delgado Ramirez, Neuris"]
[Black "Pelikian, Jefferson"]
[Result "1-0"]
[WhiteElo "2557"]
[BlackElo "2407"]
[PlyCount "99"]
[EventDate "2004.07.01"]
[EventType "tourn"]
[EventRounds "9"]
[EventCountry "BRA"]
[EventCategory "9"]
[SourceTitle "CBM 103"]
[Source "ChessBase"]
[SourceDate "2004.11.11"]
[SourceVersion "1"]
[SourceVersionDate "2004.11.11"]
[SourceQuality "1"]

1. e4 c5 2. Nf3 d6 3. Bb5+ Bd7 4. Bxd7+ Qxd7 5. O-O Nc6 6. c3 Nf6 7. Qe2 e6 8.
d3 Be7 9. Rd1 O-O 10. Bg5 h6 11. Bh4 Nh7 12. Bxe7 Qxe7 13. Nbd2 Ng5 14. Nxg5
Qxg5 15. Nf3 Qe7 16. d4 Rfe8 17. Rd2 Rad8 18. Rad1 cxd4 19. Nxd4 d5 20. exd5
Rxd5 21. Nxc6 bxc6 22. c4 Rxd2 23. Qxd2 c5 24. g3 h5 25. Qd7 h4 26. Qxe7 Rxe7
27. Rd8+ Kh7 28. gxh4 Rc7 29. Ra8 Kg6 30. Kg2 Kf5 31. b3 Kf4 32. h5 Kg5 33. Rh8
Rc6 34. Rd8 Rc7 35. Ra8 f6 36. Rh8 e5 37. Rh7 a5 38. h4+ Kf5 39. h6 Kg6 40.
Rxg7+ Rxg7 41. hxg7 Kxg7 42. f4 e4 43. Kf2 Kh6 44. Ke3 Kh5 45. Kxe4 Kxh4 46. a4
Kg4 47. Kd5 Kxf4 48. Kxc5 Ke5 49. b4 axb4 50. Kxb4 1-0

[Event "Franca Garcia Memorial 20th"]
[Site "Osasco"]
[Date "2004.07.08"]
[Round "9"]
[White "Schneider, Dmitry"]
[Black "Delgado Ramirez, Neuris"]
[Result "1/2-1/2"]
[WhiteElo "2454"]
[BlackElo "2557"]
[PlyCount "61"]
[EventDate "2004.07.01"]
[EventType "tourn"]
[EventRounds "9"]
[EventCountry "BRA"]
[EventCategory "9"]
[SourceTitle "CBM 103"]
[Source "ChessBase"]
[SourceDate "2004.11.11"]
[SourceVersion "1"]
[SourceVersionDate "2004.11.11"]
[SourceQuality "1"]

1. e4 c5 2. Nf3 d6 3. d4 cxd4 4. Nxd4 Nf6 5. Nc3 a6 6. Be3 e5 7. Nb3 Be7 8. f3
Be6 9. Qd2 O-O 10. O-O-O Qc7 11. g4 Rc8 12. g5 Nh5 13. Nd5 Bxd5 14. exd5 Nd7
15. Bh3 a5 16. a3 g6 17. Kb1 a4 18. Nc1 Nf4 19. Bxf4 exf4 20. Bxd7 Qxd7 21.
Qxf4 Bf8 22. Nd3 Qb5 23. Nb4 Rc4 24. Rd4 Rxd4 25. Qxd4 Re8 26. Qd1 Qc4 27. Re1
Rxe1 28. Qxe1 Qf4 29. Qg3 Qc4 30. Qe1 Qf4 31. Qg3 1/2-1/2

[Event "Rio de Janeiro Andrade Memorial"]
[Site "Rio de Janeiro"]
[Date "2004.07.20"]
[Round "1"]
[White "Duarte, Leonardo"]
[Black "Delgado Ramirez, Neuris"]
[Result "0-1"]
[WhiteElo "2240"]
[BlackElo "2550"]
[PlyCount "78"]
[EventDate "2004.07.20"]
[EventType "tourn"]
[EventRounds "11"]
[EventCountry "BRA"]
[EventCategory "2"]
[SourceTitle "CBM 101 Extra"]
[Source "ChessBase"]
[SourceDate "2004.09.01"]
[SourceVersion "2"]
[SourceVersionDate "2004.09.01"]
[SourceQuality "1"]

1. e4 c5 2. Nf3 d6 3. d4 cxd4 4. Nxd4 Nf6 5. Nc3 a6 6. Bg5 e6 7. f4 Nbd7 8. Qf3
h6 9. Bh4 Qc7 10. O-O-O Be7 11. Bd3 g5 12. fxg5 Ne5 13. Qe2 Nfg4 14. Nf3 Nxf3
15. gxf3 hxg5 16. Bg3 Ne5 17. Qf2 Bd7 18. h4 gxh4 19. Bxh4 Qc5 20. Qxc5 dxc5
21. Bxe7 Kxe7 22. f4 Nxd3+ 23. cxd3 Rag8 24. Rxh8 Rxh8 25. d4 Rh4 26. dxc5 Rxf4
27. Kc2 Bc6 28. Kd3 Kf6 29. Kd4 a5 30. b3 Ke7 31. Ke3 Rg4 32. a3 f5 33. exf5
exf5 34. Nd5+ Ke6 35. Nf4+ Ke5 36. Nd3+ Kf6 37. b4 a4 38. Rf1 Rg3+ 39. Kd4
Rxd3+ 0-1